00385nam a2200133Ia 4500008004100000020001800041082001800059100002200077245003200099250000600131260005100137300001800188500004500206220610s9999 xx 000 0 und d a9788120330566 a658.4013bMUK a"Mukherjee, P.N." aTotal Quality of Management a1 aNew DelhibPrentice Hall India Pvt. Ltd.c2006 aXIV;418P.bPB a"Doneted by Dr. Moujesh Agrawal, Nagpur"